Specimens of English dramatic criticism, XVII-XX centuries / (Record no. 79774)
[ view plain ]
| 000 -LEADER | |
|---|---|
| fixed length control field | 00961nam a22002652a 4500 |
| 001 - CONTROL NUMBER | |
| control field | 79774 |
| 003 - CONTROL NUMBER IDENTIFIER | |
| rucl marc code | BD-RjUL |
| 005 - DATE AND TIME OF LATEST TRANSACTION | |
| control field | 20220509162756.0 |
| 008 - FIXED-LENGTH DATA ELEMENTS--GENERAL INFORMATION | |
| fixed length control field | 220509r19461945enk 000 0 eng d |
| 035 ## - SYSTEM CONTROL NUMBER | |
| System control number | (BD-RjUL)79774 |
| 040 ## - CATALOGING SOURCE | |
| Original cataloging agency | DLC |
| Transcribing agency | KSU |
| Modifying agency | SER |
| -- | EQO |
| -- | BD-RjUL |
| Language of cataloging | eng |
| 041 ## - LANGUAGE CODE | |
| Language code of text/sound track or separate title | eng |
| 082 ## - DEWEY DECIMAL CLASSIFICATION NUMBER | |
| Classification number | 792.04 |
| Author mark and year | WAS 1946 |
| 100 1# - MAIN ENTRY--PERSONAL NAME | |
| Personal name | Ward, A. C. |
| Fuller form of name | (Alfred Charles), |
| Dates associated with a name | 1891-1973. |
| 9 (RLIN) | 2869 |
| 245 10 - TITLE STATEMENT | |
| Title | Specimens of English dramatic criticism, XVII-XX centuries / |
| Statement of responsibility, etc. | selected and introduced by A.C. Ward |
| 260 ## - PUBLICATION, DISTRIBUTION, ETC. (IMPRINT) | |
| Place of publication, distribution, etc. | London ; |
| -- | New York [etc.] : |
| Name of publisher, distributor, etc. | H. Milford, Oxford University Press, |
| Date of publication, distribution, etc. | 1945 [reprinted1946] |
| 300 ## - PHYSICAL DESCRIPTION | |
| Pagination | x, 355, [1] p.; |
| Size | 16 cm |
| 490 1# - SERIES STATEMENT | |
| Series statement | World's classics ; |
| Volume/sequential designation | 498 |
| 500 ## - GENERAL NOTE | |
| General note | "First published in 'The World's classics' in 1945." |
| 650 #0 - SUBJECT ADDED ENTRY--TOPICAL TERM | |
| Topical term or geographic name as entry element | Theater |
| Geographic subdivision | Great Britain |
| 9 (RLIN) | 2870 |
| Topical term or geographic name as entry element | Drama |
| General subdivision | History and criticism. |
| Topical term or geographic name as entry element | English drama |
| General subdivision | History and criticism |
| 9 (RLIN) | 2871 |
| 830 #0 - SERIES ADDED ENTRY--UNIFORM TITLE | |
| Uniform title | World's classics ; |
| Volume number/sequential designation | 498. |
| 942 ## - ADDED ENTRY ELEMENTS (KOHA) | |
| Source of classification or shelving scheme | Dewey Decimal Classification |
| Koha item type | Books |
| Lost status | Source of classification or shelving scheme | Damaged status | Not for loan | Collection code | Permanent Location | Current Location | Shelving location | Date acquired | Source of acquisition | Cost, normal purchase price | Total Checkouts | Full call number | Date last seen | Copy number | Koha item type |
|---|---|---|---|---|---|---|---|---|---|---|---|---|---|---|---|
| Dewey Decimal Classification | Not For Loan | Non-fiction | Central Library, University of Rajshahi | Central Library, University of Rajshahi | Reading Room | 25/10/1954 | O.U.P | 2.13 | 792.04 WAS 1946 | 09/05/2022 | C-1 | Books |